Movies Quiz

Random Movies Quiz

Movies of 2010 Quiz Stats

 Plays Quiz Updated Apr 30, 2018

Score 0/20 Timer 07:00
3 Plays Today
Picture Movie % Correct
Toy Story 3
95.1%
How to Train Your Dragon
79.7%
Tangled
73.5%
Alice in Wonderland
72.1%
Despicable Me
71%
Inception
69.7%
The King's Speech
68.9%
Easy A
66.8%
The Expendables
65.2%
127 Hours
64.5%
Picture Movie % Correct
The Social Network
60.1%
Black Swan
57.4%
Kick-Ass
56%
Scott Pilgrim vs. the World
55.2%
Shutter Island
48%
Clash of the Titans
35.6%
The Fighter
33.3%
TRON: Legacy
30.2%
Machete
21.6%
True Grit
13.6%

You're not logged in!

Compare scores with friends on all Sporcle quizzes.
OR
Log In

Sporcle TV

Today on Sporcle TV


Watch our educational content, quiz creation guides, and fun videos on Sporcle TV.

Show Comments

Extras

Top Quizzes Today


Score Distribution

Your Account Isn't Verified!

In order to create a playlist on Sporcle, you need to verify the email address you used during registration. Go to your Sporcle Settings to finish the process.

Report this User

Report this user for behavior that violates our Community Guidelines.

Details: